| 000 | 00690nam a2200205 a 4500 | ||
|---|---|---|---|
| 001 | 000024270 | ||
| 005 | 20200930022850.0 | ||
| 008 | 110125s1998 mx a r 000 | spa d | ||
| 020 | _a9701701151 | ||
| 040 |
_aDO-SdBNP _bspa _cBNPHU |
||
| 082 |
_axxx _bC454d |
||
| 100 | 1 |
_aChande, Tushar S. _949816 |
|
| 245 | 1 | 0 |
_aDesarrolle e implemente un sistema operacional / _cTushar S. Chande ; traducción Angel Homero Flores Samaniego. |
| 260 |
_aMéxico, D. F. : _bPrentice Hall, _c1998. |
||
| 300 |
_ax, 267 p. : _bil. + un disco (3/4 plg.) ; _c23 cm. |
||
| 500 | _aIncluye bibliografía | ||
| 500 | _aIncluye índice | ||
| 700 | 1 |
_aFlores Samaniego, Angel Homero _etr. _949817 |
|
| 049 | _aBNGR | ||
| 999 |
_c23764 _d23764 |
||